|
|
|
|
| LEADER |
00000ny a22000003n 4500 |
| 005 |
2011050907037.0 |
| 008 |
090130s20042008cl fr s 000 b0spa c |
| 022 |
|
|
|a 1900-0448
|
| 035 |
|
|
|a 2485
|
| 040 |
|
|
|a UMA.RE
|d vlex
|
| 080 |
|
|
|a 34(051)(0.034)
|
| 090 |
|
|
|c 1450
|d 1450
|
| 245 |
3 |
0 |
|a Revista Iusta
|h [Recurso electrn̤ico]
|
| 256 |
|
|
|a Servicio en ln̕ea
|
| 260 |
|
|
|a Bogot ̀:
|b Universidad de Santo Toms̀,
|
| 310 |
|
|
|a Semestral
|
| 506 |
1 |
|
|a Contenido solo disponible en los productos indicados
|d vLex Global
|d vLex Global (Academic Edition, excluding Law Schools)
|d vLex Global (U.S. Academic Edition, Law Schools)
|d vLex Global (U.S. Academic Edition, excluding Law Schools)
|d vLex Global (Academic Edition, Law Schools)
|
| 520 |
|
|
|a Destinada a la difusin̤ de la produccin̤ acadm̌ica de docentes de la Facultad de Derecho
|
| 650 |
0 |
4 |
|a Derecho
|x Publicaciones perid̤icas
|
| 710 |
2 |
|
|a Universidad de Santo Toms̀,
|e ed
|
| 740 |
0 |
|
|a vLex Revista (Servicios en ln̕ea)
|
| 853 |
|
|
|8 1
|i (year)
|j (month)
|k (day)
|
| 856 |
4 |
0 |
|u http://vlex.com/source/2485
|z Acceso restringido
|
| 942 |
|
|
|c REV
|